000 00655nam a22002417a 4500
001 318
003 UA-OsUOA
005 20210509233604.0
007 ta
008 20050525b un ||||| |||| 00| 0 ukr d
040 _aUA-OsUOA
_bukr
_cUA-OsUOA
_dUA-OsUOA
041 _aukr
080 _a821.161.1
090 _a821.161.1
_bП75
100 _aПрибитков В.
245 _aІван Федоров
260 _aК.
_bДніпро
_c1974
300 _a236 с.
650 7 _a82 Література. Літературознавство
_2UDC
942 _cBK
_2udc
955 _a3
999 _c286482
_d286482